| 000 | 00458nam a2200193Ia 4500 | ||
|---|---|---|---|
| 005 | 20240823014120.0 | ||
| 008 | 240823s9999||||xx |||||||||||||| ||und|| | ||
| 041 | _aENGLISH | ||
| 082 | _A624.193 N7 | ||
| 100 | _aVazirani V N | ||
| 245 | 0 | _aRailway Bridges and Tunnels | |
| 250 | _a4th | ||
| 260 |
_c1997 _b"Khanna Publishders," _aNew Delhi |
||
| 500 | _aYES | ||
| 650 |
_aRailway _bCivil |
||
| 700 | _a Chandola S P | ||
| 942 | _cBK | ||
| 999 |
_c169161 _d169161 |
||